| 000 | 00611nam a2200205 a 4500 | ||
|---|---|---|---|
| 005 | 20140311162956.0 | ||
| 008 | 051025s19uu xx 00 eng d | ||
| 050 |
_aP 95.8 _b.P355 1995 |
||
| 110 | _aCMFR | ||
| 245 | _aPeace process and media / | ||
| 260 |
_aPhilippines : _bCenter for Media Freedom & Responsibilty, _c1995. |
||
| 300 |
_a34 p. : _c23 cm. |
||
| 440 | _aMedia and Policy Series I | ||
| 521 | _aMC | ||
| 650 |
_aMass media _xPolitical aspects. |
||
| 650 |
_aGovernment and the press _xPhilippines. |
||
| 650 |
_aPress and politics _xPhilippines. |
||
| 942 |
_cBK _2lcc _kLOC |
||
| 999 |
_c39048 _d39048 |
||